Werther

Gardado en:
Detalles Bibliográficos
Autor Principal: Goethe, Johann Wolfgang von, 1749-1832 (autor)
Formato: Libro
Idioma:Lingua castelá
Publicado: Santiago Zig-Zag 1932
Edición:1a. ed
Series:Revista Literaria. Biblioteca Zig-Zag, 50
Subjects:
Tags: Engadir etiqueta
Sen Etiquetas, Sexa o primeiro en etiquetar este rexistro!

MARC

LEADER 00000nam a2200000 a 4500
001 UCH0329
003 CL-VaPUC
008 090306e19320000CL |||||||||||||||||spa|d
082 0 4 |a 833  |b GOE  |2 21 
100 |a Goethe, Johann Wolfgang von,  |d 1749-1832  |e autor  |9 265453 
245 1 0 |a Werther 
250 |a 1a. ed 
300 |a 135 p 
942 |c BK 
945 |d 20090306 00:00:00  |a cmena 
260 |a Santiago  |b Zig-Zag  |c 1932 
650 0 |a Novelas alemanas   |9 265783 
650 0 |a Literatura alemana   |9 265457 
583 |a last modification  |c 20090306 00:00:00  |k Rodrigo Vera 
490 0 |a Revista Literaria. Biblioteca Zig-Zag, 50 
999 |c 332662  |d 332660 
952 |0 0  |1 0  |4 0  |6 833_000000000000000_GOE_1932  |7 0  |8 A  |9 420518  |a BIBEDU  |b BIBEDU  |d 2019-11-22  |i 4519515  |o 833 GOE 1932  |p 4519515  |r 2019-11-22  |w 2019-11-22  |y BK  |k LIT